Proyecto de carta fundacional
Descripción Física:
38 p. ; 21 cm
MARC
| LEADER | 00000nam a2200000Ia 4500 | ||
|---|---|---|---|
| 001 | 19291 | ||
| 008 | 160829s1928 xx 000 0 cat d | ||
| 710 | 1 | |a Barcelona (Catalunya : Província). |b Diputació |9 52408 | |
| 710 | 2 | |a Reial Politècnic Hispanoamericà |9 55096 | |
| 952 | |0 0 |1 0 |4 0 |6 4186_EXP_91 |7 1 |9 54487 |a Arxiu |b Arxiu |d 2016-12-01 |l 0 |o 4186, exp. 91 |p 19291 |r 2016-12-01 00:00:00 |w 2016-12-01 |y ARXIU | ||
| 999 | |c 58356 |d 58356 | ||
| 080 | |a 4186, exp. 91 | ||
| 245 | |a Proyecto de carta fundacional | ||
| 260 | |a Barcelona : |b Patronato Local Interino de Formación Técnica Industrial de Barcelona, |c 1928 | ||
| 300 | |a 38 p. ; |c 21 cm | ||
| 650 | |a Patronato Local Interino de Formación Técnica Industrial de Barcelona | ||
| 700 | |a Patronato Local Interino de Formación Técnica Industrial de Barcelona |9 29003 | ||
| 901 | |a Arxiu | ||
| 942 | |n 1 |2 udc | ||